000 01474nam a22003734a 4500
001 ebr10155135
003 CaPaEBR
006 m u
007 cr cn|||||||||
008 050707s2006 enka sb 001 0 eng
010 _z 2005051460
015 _aGBA614317
_2bnb
016 7 _z013380535
_2Uk
020 _z1403972494
040 _aCaPaEBR
_cCaPaEBR
035 _a(OCoLC)228144697
043 _aa-ko---
050 1 4 _aHQ1236.5.K6
_bJ66 2006eb
082 0 4 _a305.42/095195
_222
100 1 _aJones, Nicola Anne.
245 1 0 _aGender and the political opportunities of democratization in South Korea
_h[electronic resource] /
_cNicola Anne Jones.
260 _aBasingstoke, Hampshire ;
_aNew York :
_bPalgrave Macmillan,
_cc2006.
300 _ax, 297 p. :
_bill.
504 _aIncludes bibliographical references (p. [265]-287) and index.
533 _aElectronic reproduction.
_bPalo Alto, Calif. :
_cebrary,
_d2013.
_nAvailable via World Wide Web.
_nAccess may be limited to ebrary affiliated libraries.
650 0 _aWomen and democracy
_zKorea (South)
650 0 _aFeminism
_zKorea (South)
650 0 _aWomen
_xPolitical activity
_zKorea (South)
650 0 _aWomen in development
_zKorea (South)
650 0 _aDemocratization
_zKorea (South)
655 7 _aElectronic books.
_2local
710 2 _aebrary, Inc.
856 4 0 _uhttp://site.ebrary.com/lib/rucke/Doc?id=10155135
_zAn electronic book accessible through the World Wide Web; click to view
999 _c93524
_d93524